LEADER 01249cam1-2200409---450 001 990005836550203316 005 20221006153329.0 035 $a000583655 035 $aUSA01000583655 035 $a(ALEPH)000583655USA01 035 $a000583655 100 $a20130430g20139999km-y0itay5003----ba 101 1 $aita$cfre 102 $aIT 105 $a||||||||001yy 200 1 $aSullo Stato$fPierre Bourdieu$gtesto stabilito da Patrick Champagne ... [et al.]$gtraduzione di Massimiliano Guareschi 210 $aMilano$cFeltrinelli$d2013- 215 $avolumi$d21 cm 225 2 $aCampi del sapere 410 0$12001$aCampi del sapere 454 0$12001$aSur l'État$91494496 606 0 $aStato$xSociologia$2BNCF 676 $a306.201 700 1$aBOURDIEU,$bPierre$045203 702 1$aCHAMPAGNE,$bPatrick 702 1$aGUARESCHI,$bMassimiliano 801 0$aIT$bsalbc$gISBD 912 $a990005836550203316 951 $aII.5. 7403 /$bL.M.$cII.5. 959 $aBK 969 $aUMA 979 $aPASSARO$b90$c20130430$lUSA01$h0946 979 $aPASSARO$b90$c20130430$lUSA01$h0954 979 $aPASSARO$b90$c20130430$lUSA01$h0955 979 $aPASSARO$b90$c20130430$lUSA01$h0958 996 $aSur l'État$91494496 997 $aUNISA